Az intracranialis daganatok extracranialis áttétképzésének hiányára vonatkozó kísérletes vizsgálatok

Elmentve itt :
Bibliográfiai részletek
Szerzők: Ormos Jenő
Korpássy Béla
Dokumentumtípus: Cikk
Megjelent: 1960
Sorozat:Kolligátum
Online Access:http://misc.bibl.u-szeged.hu/27346
LEADER 00610nab a2200169 i 4500
001 misc27346
005 20191108150112.0
008 170901s1960 hu o 0|| zxx d
040 |a SZTE Miscellanea Repozitórium  |b hun 
041 |a zxx 
100 1 |a Ormos Jenő 
245 1 3 |a Az intracranialis daganatok extracranialis áttétképzésének hiányára vonatkozó kísérletes vizsgálatok  |h [elektronikus dokumentum] /  |c  Ormos Jenő 
260 |c 1960 
300 |a 1620-1625 
490 0 |a Kolligátum 
700 0 1 |a Korpássy Béla  |e aut 
856 4 0 |u http://misc.bibl.u-szeged.hu/27346/1/020_006_1620-1625.pdf  |z Dokumentum-elérés